00446nam a2200145Ia 4500008004100000020002100041100002800062245007300090250001200163260003200175300001900207500001900226650002400245650003100269200626s9999 xx 000 0 und d a978-007-126355-9 aHeneman III, Herbert G. cHerbert G. Heneman III, Timothy A. Judge.--aStaffing organizations/ a6th ed. aNew York:bMcGrawHillc2009 axvi, 751 pages aIncludes Index aEmployee selection. aEmployees -- Recruiting.